000 00901cab a2200265 4500
001 ABS48126
008 090401t1993 xxu||||| |||| 00| 0 eng d
035 _a(Sirsi) u65129
041 _aeng
100 _aJenkins, P.
245 _aOptions and contracts after the Law of Property (Miscellaneous Provisions) Act 1989
260 _c1993
350 _a0
490 _aConveyancer & Property Lawyer
_vJanuary/February 1993, 13-21(5)
520 _aExamines s2(1) of the Act for its treatment of options, and considers the possibility and means of circumventing it.
650 _aContracts
_96232
650 _aLAW OF PROPERTY (MISCELLANEOUS PROVISIONS) ACT 1989 S2(1)
650 _aOPTION AGREEMENTS
650 _aSALE OF LAND
650 _aSPIRO V GLENCROWN PROPERTIES LTD
650 _aVENDOR AND PURCHASER
690 _aPROPERTY LAW AND PRACTICE
942 _n0
948 _c04/03/1997
999 _c40600
_d40600